[Event "Dhaka Rating op"]
[Site "Dhaka"]
[Date "2019.05.24"]
[Round "2"]
[White "Md, Nasim Hossain Bhuiy"]
[Black "Zoar Haque, Prodhan"]
[Result "1-0"]
[WhiteElo "1818"]
[BlackElo "2020"]
[PlyCount "77"]
[EventDate "2019.05.23"]
[EventType "swiss"]
[EventRounds "8"]
[EventCountry "BAN"]
[SourceTitle "EXT 2020"]
[Source "ChessBase"]
[SourceDate "2019.10.17"]
[SourceVersion "1"]
[SourceVersionDate "2019.10.17"]
[SourceQuality "1"]

1. c4 Nf6 2. g3 d6 3. Bg2 e5 4. Nc3 c6 5. e4 Be6 6. b3 Nbd7 7. Nge2 a5 8. 0-0 Be7 9. d4 Bg4 10. h3 Bh5 11. g4 Bg6 12. Ng3 h5 13. g5 Ng8 14. h4 f6 15. dxe5 dxe5 16. Bf3 fxg5 17. Nxh5 Rh7 18. hxg5 Bxg5 19. Qd6 Bf6 20. Ng3 Qe7 21. Ba3 0-0-0 22. Bg4 Qxd6 23. Bxd6 Nh6 24. Bxd7+ Kxd7 25. Rad1 Kc8 26. Na4 b5 27. cxb5 cxb5 28. Nc3 b4 29. Na4 Nf7 30. Rc1+ Kd7 31. Bc7 Rdh8 32. Rfd1+ Ke7 33. Bxa5 Ng5 34. Bxb4+ Ke6 35. Rc6+ Kf7 36. Rc7+ Be7 37. Rxe7+ Kf6 38. Rd6+ Kxe7 39. Rxg6+ 1-0

[Event "Mumbai Mayors Cup 9th"]
[Site "Mumbai"]
[Date "2016.06.05"]
[Round "5"]
[White "Zoar Haque, Prodhan"]
[Black "Sammed Jaykumar, Shete"]
[Result "0-1"]
[WhiteElo "1983"]
[BlackElo "2256"]
[PlyCount "36"]
[EventDate "2016.06.02"]
[EventType "swiss"]
[EventRounds "10"]
[EventCountry "IND"]
[SourceTitle "CBM 173 Extra"]
[Source "ChessBase"]
[SourceDate "2016.08.29"]
[SourceVersion "1"]
[SourceVersionDate "2016.08.29"]
[SourceQuality "1"]

1. e4 e5 2. Nf3 Nc6 3. c3 d5 4. Bb5 f6 5. d4 dxe4 6. Nxe5 fxe5 7. Qh5+ Ke7 8. Bg5+ Nf6 9. Bxc6 bxc6 10. dxe5 Qd5 11. f4 exf3 12. 0-0 Be6 13. exf6+ gxf6 14. Bxf6+ Kxf6 15. Qh4+ Kg6 16. b4 Bd6 17. Na3 Rhf8 18. Rf2 Qh5 0-1

[Event "Dhaka Six Seasons"]
[Site "Dhaka"]
[Date "2013.03.24"]
[Round "3"]
[White "Zoar Haque, Prodhan"]
[Black "Mohammad Fahad, Rahman"]
[Result "0-1"]
[WhiteElo "1943"]
[BlackElo "2001"]
[PlyCount "78"]
[EventDate "2013.03.22"]
[EventType "tourn"]
[EventRounds "9"]
[EventCountry "BAN"]
[SourceTitle "CBM 153 Extra"]
[Source "ChessBase"]
[SourceDate "2013.04.22"]
[SourceVersion "1"]
[SourceVersionDate "2013.04.22"]
[SourceQuality "1"]

1. e4 c5 2. d3 Nc6 3. g3 d6 4. Bg2 Nf6 5. Ne2 g6 6. Nd2 Bg7 7. Nf1 h5 8. Ne3 e6 9. c3 0-0 10. f4 Nh7 11. 0-0 f5 12. h4 Re8 13. d4 cxd4 14. Nxd4 Nxd4 15. cxd4 Qb6 16. e5 d5 17. b3 Bd7 18. Ba3 Bf8 19. Bxf8 Nxf8 20. Rc1 Rac8 21. Qd2 Bc6 22. Rc2 a5 23. Rfc1 Ra8 24. Kh2 Nd7 25. Rb1 Nb8 26. a3 Na6 27. b4 axb4 28. axb4 Nc7 29. b5 Nxb5 30. Rc5 Ra4 31. Bxd5 exd5 32. Nxd5 Qa7 33. Nf6+ Kf8 34. Rbxb5 Bxb5 35. Rxb5 Rxd4 36. Qb2 Red8 37. Qb3 Rd2+ 38. Kh3 Rh2+ 39. Kxh2 Qf2+ 0-1